000 00501nam a2200169Ia 4500
008 110201s9999 xx 000 0 und d
082 _bB6609
_aK 2164
100 _aकाळे वैजयंती
245 _aसापशिडी
260 _bदिलीप प्रकाशन
365 _b55
600 _aकाळे वैजयंती
630 _aसापशिडी
700 _aकाळे वैजयंती
730 _aसापशिडी
942 _cBOOK
999 _c832212
_d832209